Bridging `the great divide': Nonaka's synthesis of `western' and `eastern' knowledge concepts reassessed (Record no. 73163)

000 -LEADER
fixed length control field 01587pab a2200181 454500
008 - FIXED-LENGTH DATA ELEMENTS--GENERAL INFORMATION
fixed length control field 180718b2007 xxu||||| |||| 00| 0 eng d
100 ## - MAIN ENTRY--PERSONAL NAME
Personal name Gueldenberg, Stefan
245 ## - TITLE STATEMENT
Title Bridging `the great divide': Nonaka's synthesis of `western' and `eastern' knowledge concepts reassessed
260 ## - PUBLICATION, DISTRIBUTION, ETC.
Date of publication, distribution, etc. 2007
300 ## - PHYSICAL DESCRIPTION
Extent p.101-22.
362 ## - DATES OF PUBLICATION AND/OR SEQUENTIAL DESIGNATION
Dates of publication and/or sequential designation Jan
520 ## - SUMMARY, ETC.
Summary, etc. Knowledge management remains one of the most debated topics in current management literature. In particular, Nonaka's interpretation of Polanyi's distinction between explicit and tacit knowledge and his approach of framing the knowledge generation process in terms of an interaction between `Western' (predominately explicit) and `Eastern' (predominantly tacit) knowledge types have been repeatedly discussed and criticized. In this context, management research increasingly has to address questions pertaining to philosophical theories. The present article offers a critical investigation of Nonaka's philosophical assumptions and thus sheds light on the core issues pertaining to the nature of knowledge underlying thecurrent controversial discourse on this subject. The strengths and weaknesses of Nonaka's quest to integrate `Western' and ~Eastern' knowledge into the framework of his comprehensive knowledge creation theory will be outlined at the end of a thorough investigation of the salient epistemological notions cited by Nonaka as the basis for his knowledge creation theory. - Reproduced.
650 ## - SUBJECT ADDED ENTRY--TOPICAL TERM
Topical term or geographic name entry element Knowledge management
700 ## - ADDED ENTRY--PERSONAL NAME
Personal name Helting, Holger
773 ## - HOST ITEM ENTRY
Main entry heading Organization
908 ## - PUT COMMAND PARAMETER (RLIN)
Put command parameter N
909 ## -
-- 73163
Holdings
Withdrawn status Lost status Damaged status Not for loan Permanent Location Current Location Date acquired Serial Enumeration / chronology Barcode Date last seen Price effective from Koha item type
        Indian Institute of Public Administration Indian Institute of Public Administration 2018-07-19 Volume no: 14, Issue no: 1 AR73623 2018-07-19 2018-07-19 Articles

Powered by Koha